Normal view
MARC view
- Dr. Rahmat Ali Khan
Entry Personal Name
001 - CONTROL NUMBER
- control field: 16977
003 - CONTROL NUMBER IDENTIFIER
- control field: NUST
005 - DATE AND TIME OF LATEST TRANSACTION
- control field: 20190708053301.0
008 - FIXED-LENGTH DATA ELEMENTS
- fixed length control field: 190708|| aca||aabn | a|a d
040 ## - CATALOGING SOURCE
- Original cataloging agency: NUST
- Transcribing agency: NUST
100 ## - HEADING--PERSONAL NAME
- Personal name: Dr. Rahmat Ali Khan
670 ## - SOURCE DATA FOUND
- Source citation: Work cat.: (NUST): Asif, Naseer Ahmad 16976, Existence and Multiplicity Results for Systems of Singular Boundary Value Problems /, 2011.
